Los grupos de sociedades como forma de organizacin̤ empresarial

Bibliographic Details
Main Author: Fernǹdez Markaida, Idoia
Other Authors: Embid Irujo, Miguel (prl̤)
Format: Unknown
Language:Spanish
Published: Madrid : Editoriales de Derecho Reunidas : D.L. 2001
Series:Cuadernos mercantiles (Editoriales de Derecho Reunidas)
Subjects:
Online Access:Acceso restringido

MARC

LEADER 00000ny a22000003n 4500
005 20110607140541.0
008 010824s2001 sp s 001 0 spa c
017 |a M13902-2001 
020 |a 8484940039 
035 |a 1621 
040 |a UMA.DER  |d vLex 
040 |a UMA.RE  |d vLex 
080 |a 347.7(460) 
090 |c 545  |d 545 
100 1 |a Fernǹdez Markaida, Idoia 
245 1 4 |a Los grupos de sociedades como forma de organizacin̤ empresarial  |h [Recurso electrn̤ico]  |c Idoia Fernǹdez Markaida ; prl̤ogo de Miguel Embid Irujo 
256 |a Servicio en ln̕ea 
260 |a Madrid :  |b Editoriales de Derecho Reunidas :  |b D.L. 2001 
300 |a 320 p. ;  |c 20 cm 
490 1 |a Cuadernos mercantiles ;  |v 11 
504 |a Bibliogr.: p.309-320 
506 1 |a Contenido solo disponible en los productos indicados  |d vLex Global  |d vLex Global (Academic Edition, excluding Law Schools)  |d vLex Global (U.S. Academic Edition, Law Schools)  |d vLex Global (U.S. Academic Edition, excluding Law Schools)  |d vLex Global (Academic Edition, Law Schools) 
650 0 7 |a Agrupacin̤ de interš economico  |2 Tesauro vLex 
650 0 7 |a Societario  |2 Tesauro vLex 
650 0 7 |a Derecho de sociedades  |2 Tesauro vLex 
650 0 7 |a Grupo de sociedades  |2 Tesauro vLex 
700 1 |a Embid Irujo, Miguel,  |e prl̤ 
740 0 |a vLex Libros (Servicios en ln̕ea) 
830 0 |a Cuadernos mercantiles (Editoriales de Derecho Reunidas) 
856 4 0 |u http://vlex.com/source/1621  |z Acceso restringido 
942 |c BOOK 
999 0 |a Corportation  |b Madrid